USEMLE STEP 3 (Record no. 36823)

MARC details
000 -LEADER
fixed length control field 00386nam a2200169Ia 4500
020 ## - INTERNATIONAL STANDARD BOOK NUMBER
ISBN 0-8385-0227-X
100 ## - STATEMENT OF RESPONSIBILITY--MAIN AUTHOR NAME
Personal name MARK SCHULTZ
245 #0 - TITLE STATEMENT
Title USEMLE STEP 3
260 ## - PUBLICATION, DISTRIBUTION, ETC. (IMPRINT)
Place of publication Canada
260 ## - PUBLICATION, DISTRIBUTION, ETC. (IMPRINT)
Name of publisher APPLETION
260 ## - PUBLICATION, DISTRIBUTION, ETC. (IMPRINT)
Year of publication 1990
300 ## - PHYSICAL DESCRIPTION
Number of Pages 252 p
650 ## - SUBJECT ADDED ENTRY--TOPICAL TERM
Topical Term Cataloging inpublication
942 ## - ADDED ENTRY ELEMENTS (KOHA)
Koha item type Books
260 ## - PUBLICATION, DISTRIBUTION, ETC. (IMPRINT)
-- ANGE
Holdings
Withdrawn status Lost status Source of classification or shelving scheme Damaged status Not for loan Permanent Location Current Location Date acquired Accession Number Price effective from Koha item type
    Library of Congress Classification     NILE UNIVERSITY OF NIGERIA - MAIN LIBRARY NILE UNIVERSITY OF NIGERIA - MAIN LIBRARY 04/23/2025 0000331 04/23/2025 Books